000 00644cam a22002053a 4500
001 41006
003 PGUSA
005 20140828083925.0
008 121009s2012||||xxu|||||s|||||000 | eng d
040 _aPGUSA
_beng
042 _adc
100 1 _aKeightley, Thomas,
_d1789-1872
245 1 4 _aThe Fairy Mythology :
_bIllustrative of the Romance and Superstition of Various Countries
_h[electronic resource] /
_cThomas Keightley
260 _bProject Gutenberg,
_c2012
506 _aPublic domain in the USA.
516 _aElectronic text
830 0 _aProject Gutenberg
_v41006
856 4 0 _uhttp://www.gutenberg.org/ebooks/41006
942 _cEB
999 _c270258
_d270258